000
00263nam a22000977a 4500
999
_c
11726
_d
11726
008
200113b ||||| |||| 00| 0 eng d
020
_a
9780836874938
100
_a
Hall Kristen
_9
7415
245
_a
Animal Sight
260
_a
Milwaukee
_b
Gareth Stevens Publications
_c
2006